000 01015nas a2200337 4500
001 BR0505124
003 BR-BrBNA
005 20231205105703.0
007 ta
008 230509b bl.|||p| |||| 00| 00por d
040 _aBR-BrBNA
_bpor
_cBiblioteca Nacional de Agricultura
041 _a(Pt)
072 _aH60
100 1 _aVelini, E.D.
100 1 _aCorrêa, M.R.
100 1 _aTanaka, R.H.
100 1 _aBravini, L.F.
100 1 _aAntuniassi, U.R.
100 1 _aCarvalho, F.T.
100 1 _aGalo, M.L.B.T.
245 1 _aAvaliação operacional do controle mecânico de plantas aquáticas imersas no reservatório de Jupiá
650 _aPLANTA AQUÁTICA
650 _aRESERVATÓRIO DE ÁGUA
650 _aERVA DANINHA
650 _aEQUIPAMENTO AGRÍCOLA
650 _aPERFORMANCE
650 _aCONTROLE MECÂNICO
773 0 _tPlanta Daninha (Brazil)
_xISSN 0100-8358
_g(Apr-Jun 2005), v. 23(2) p. 277-285
_wBR0505124
909 _a202311
_bLúcia
_c55
_dLúcia Elande
942 _2AGRIS
_n0
_cANA
999 _c184152
_d184152